000 00549nam a2200145Ia 4500
008 180921t xxu||||| ||||o00| 0 eng d
041 _aeng
080 _aVol.3 1910-1923
245 _aordinances Nos : No.20 of 1921. An ordinance Further To Amend "The Small Towns Sanitary ordinance,1892." (Embodied In No.18 of 1892 Vol.2.,Page 214.) [Date of Governor's Assent : July 6,1921.] [ Date of Commencement : July 6, 1921.]
300 _ap.927, 23 cm
650 _aSmall Towns
942 _cBK
999 _c50752
_d50752
003 LK-CoDNM
040 _aLK-CoDNM
_dLK-CoDNM
_eLK-CoDNM